Metóda vnútorného bodu a jej využitie na riešenie úloh lineárneho programovania
Porovnanie algoritmu vnútorného bodu a simplexovej metódy. Charakteristika algoritmu afinného škálovania. Popis logaritmickej bariérovej metódy.
Salvato in:
| Autore principale: | |
|---|---|
| Natura: | Capitolo di libro |
| Lingua: | slovacco |
| Soggetti: | |
| Tags: |
Nessun Tag, puoi essere il primo ad aggiungerne!!
|
MARC
| LEADER | 00000naa a2200000 4500 | ||
|---|---|---|---|
| 001 | 0165483 | ||
| 005 | 20240502072901.9 | ||
| 041 | 0 | |a slo | |
| 044 | |a SK | ||
| 245 | 1 | 0 | |a Metóda vnútorného bodu a jej využitie na riešenie úloh lineárneho programovania |c Michaela Chocholatá |
| 520 | |a Porovnanie algoritmu vnútorného bodu a simplexovej metódy. Charakteristika algoritmu afinného škálovania. Popis logaritmickej bariérovej metódy. | ||
| 610 | 2 | 0 | |a škálovanie |
| 610 | 2 | 0 | |a metóda simplexová |
| 610 | 2 | 0 | |a programovanie lineárne |
| 100 | 1 | |a Chocholatá, Michaela, 1977- | |